1015 1622 1820 1598 1144 1801 1324 1435 1619 1097 1487 1359 1448 1180 1724 1685 1043 1369 1995 1547 1080 1855 1701 1082 1813 1812 1975 1248 1401 1758 1072 1865 1751 1979 1199 1884 1873 1684 1027 1894 1947 1140 1876 1345 1818 1402 1547 1005 1499 1041 1510 1979 1663 1958 1429 1530 1556 1297 1058 1709 1746 1766 1377 1589 1755 1575 1555 1648 1217 1908 1455 1022 1108 1444 1963 1043 1264 1000 1580 1518 1220 1599 1647 1993 1851 1510 1339 1318 1852 1616 1916 1522 1468 1821 1112 1382 1432 1107 1227 BCNSPRNW ULIB Ver.6.0+V

เปลี่ยนเป็นภาษาไทย

Change to English
 แสดงรายละเอียดบรรณานุกรม
  กลับหน้าหลัก

Brief Record : Get Marc (ISO 2709) : E-mail record : QR code < ปิดหน้าต่าง
LEADER : 00000nam 2200000uu 4500
001    13399128310
003     ULIB
008    230606s2564||||th 000 0 tha d
020    ^a9786169298021
060 04 ^aWS310^bP371
245 00 ^aPediatric gastrointestinal and liver emergencies 2 /^cอลิสรา ดำรงมณี ... [และคนอื่นๆ], บรรณาธิการ
250    ^aพิมพ์ครั้งที่ 1
260    ^aกรุงเทพฯ :^bสมาคมกุมารเวชศาสตร์ทางเดินอาหารและตับ,^c2564
300    ^ax, 406 หน้า :^bภาพประกอบสี
500    ^aบรรณานุกรม: อลิสรา ดำรงมณี, วรนุช จงศรีสวัสดิ์, นภอร ภาวิจิตร, ณฐรักษ์ ชัยจิตรารัชต์, ฉัตต์มณี เลิศอุดมผลวณิช, พรรณพัชร พิริยะนนท และอนันดร วงศ์ธีระสุต (บรรณาธิการ). (2564). Pediatric gastrointestinal and liver emergencies 2. กรุงเทพฯ: สมาคมกุมารเวชศาสตร์ทางเดินอาหารและตับ.
650  4 ^aระบบทางเดินอาหาร, โรค
650  4 ^aเด็ก, โรค^xการรักษา
700 0  ^aอลิสรา ดำรงมณี,^eบรรณาธิการ
710 2  ^aสมาคมกุมารเวชศาสตร์ทางเดินอาหารและตับ
856    ^a^zPediatric gastrointestinal and liver emergencies 2 (10053883).pdf (สารบัญหนังสือ)^uhttp://61.19.69.198/ULIB//_fulltext/Content ::/13399138334/20221012132657_2926.pdf
945    ^p550^l0^i009527
945    ^p550^l0^i009528
945    ^p550^l0^i009529
999    ^aประนอม เกษจรัล
รายการนี้ยังไม่มีแท็ก
คุณยังไม่ได้ล็อกอิน คุณสามารถมีกิจกรรมร่วมกับเว็บไซต์ได้ แต่ต้องล็อกอินก่อน ::
  ล็อกอิน

รายการสื่อสารสนเทศ

ลำดับที่ ประเภท เลขเรียก/บาร์โค้ด สถานที่ สถานะ
1. วิทยาศาสตร์การแพทย์ และสุขภาพ
หนังสือสำรอง
สถานะ=หนังสือสำรอง
WS310 P371 ฉ.1 
  Barcode: 009527
ห้องสมุดวิทยาเขตสวรรค์ประชารักษ์
►หนังสือทั่วไป
บนชั้น
2. วิทยาศาสตร์การแพทย์ และสุขภาพ
วิทยาศาสตร์การแพทย์ และสุขภาพ
WS310 P371 ฉ.2 
  Barcode: 009528
ห้องสมุดวิทยาเขตสวรรค์ประชารักษ์
►หนังสือทั่วไป
บนชั้น
3. วิทยาศาสตร์การแพทย์ และสุขภาพ
วิทยาศาสตร์การแพทย์ และสุขภาพ
WS310 P371 ฉ.3 
  Barcode: 009529
ห้องสมุดวิทยาเขตสวรรค์ประชารักษ์
►หนังสือทั่วไป
บนชั้น

รายการใกล้เคียง
    หัวเรื่อง [ระบบทางเดินอาหาร, โรค]

BibComment


ยังไม่เคยถูกคอมเมนท์

คอมเมนท์ทรัพยากรรายการนี้
  คอมเมนท์: Pediatric gastro..


 Copyright 2026. Bcnsprnw @Library